Reading explorer intro (Record no. 18374)
[ view plain ]
| 000 -LEADER | |
|---|---|
| fixed length control field | 00817cgm a2200217 4500 |
| 005 - DATE AND TIME OF LATEST TRANSACTION | |
| control field | 20140721131047.0 |
| 007 - PHYSICAL DESCRIPTION FIXED FIELD--GENERAL INFORMATION | |
| fixed length control field | vd cgaizm |
| 008 - FIXED-LENGTH DATA ELEMENTS--GENERAL INFORMATION | |
| fixed length control field | 140721t2011 xx 35 f |||| 0| vleng d |
| 020 ## - INTERNATIONAL STANDARD BOOK NUMBER | |
| International Standard Book Number | 9781111055776 |
| 020 ## - INTERNATIONAL STANDARD BOOK NUMBER | |
| International Standard Book Number | 1111055777 |
| 082 04 - DEWEY DECIMAL CLASSIFICATION NUMBER | |
| Edition number | 22 |
| Classification number | 428.43 |
| Item number | REA |
| 245 00 - TITLE STATEMENT | |
| Title | Reading explorer intro |
| Medium | [videorecording] : |
| Remainder of title | video on DVD : pre-elementary : 500-800 headwords : CEF A1-A2 / |
| Statement of responsibility, etc | National Geographic. |
| 260 ## - PUBLICATION, DISTRIBUTION, ETC. (IMPRINT) | |
| Place of publication, distribution, etc | [S. l.] : |
| Name of publisher, distributor, etc | Heinle Cengage Learning, |
| Date of publication, distribution, etc | c.2011. |
| 300 ## - PHYSICAL DESCRIPTION | |
| Extent | 1 videodisc (35:18 min.) : |
| Other physical details | sd., col. ; |
| Dimensions | 4 3/4 in. |
| 650 #0 - SUBJECT ADDED ENTRY--TOPICAL TERM | |
| 9 (RLIN) | 13995 |
| Topical term or geographic name as entry element | Reading comprehension |
| 650 #0 - SUBJECT ADDED ENTRY--TOPICAL TERM | |
| 9 (RLIN) | 35962 |
| Topical term or geographic name as entry element | Discoveries in geography |
| 650 #0 - SUBJECT ADDED ENTRY--TOPICAL TERM | |
| 9 (RLIN) | 36062 |
| Topical term or geographic name as entry element | English language |
| Form subdivision | Films for foreign speakers |
| 653 ## - INDEX TERM--UNCONTROLLED | |
| -- | EEENG |
| -- | July2014 |
| 710 2# - ADDED ENTRY--CORPORATE NAME | |
| Corporate name or jurisdiction name as entry element | National Geographic Digital Motion (Firm) |
| 9 (RLIN) | 36061 |
| 942 ## - ADDED ENTRY ELEMENTS (KOHA) | |
| Source of classification or shelving scheme | Dewey Decimal Classification |
| Item type | |
| Call number prefix | 428.43 REA |
| Withdrawn status | Lost status | Source of classification or shelving scheme | Damaged status | Not for loan | Koha collection | Home library | Current library | Shelving location | Date acquired | Source of acquisition | Cost, normal purchase price | Serial Enumeration / chronology | Total Checkouts | Full call number | Barcode | Date last seen | Cost, replacement price | Koha item type |
|---|---|---|---|---|---|---|---|---|---|---|---|---|---|---|---|---|---|---|
| Dewey Decimal Classification | ILB | Central Library | Central Library | Second Floor | 21/07/2014 | 270.00 | 4033 | 428.43 REA | 000036089 | 24/08/2022 | 337.50 | CD | DVD - (NB) |